و ر ق و ر ق چہر ے (خا کے ) (Record no. 177922)

MARC details
000 -LEADER
fixed length control field 00644nam a22001937a 4500
005 - DATE AND TIME OF LATEST TRANSACTION
control field 20210310151738.0
010 ## - LCCN (DPL NO)
LC control number UR-11063
020 ## - INTERNATIONAL STANDARD BOOK NUMBER
Terms of availability 186.00
International Standard Book Number 9789390579037
035 ## - SYSTEM CONTROL NUMBER
System control number U-9618
037 ## - SOURCE OF ACQUISITION
Source of stock number/acquisition DBAD/PUB
082 ## - DEWEY DECIMAL CLASSIFICATION NUMBER
Classification number 840.92
100 ## - MAIN ENTRY--PERSONAL NAME
Personal name منظو ر و قا ر
245 ## - TITLE STATEMENT
Title و ر ق و ر ق چہر ے (خا کے )
Statement of responsibility, etc منظو ر و قا ر
246 ## - VARYING FORM OF TITLE
Remainder of title Warq Warq Chehre(Khake) (Urdu)
Title proper/short title by Manzoor Viqar
260 ## - PUBLICATION, DISTRIBUTION, ETC. (IMPRINT)
Place of publication, distribution, etc N.Delhi
Date of publication, distribution, etc 2020 ء
Name of publisher, distributor, etc Applied Books
270 ## - ADDRESS
Address 1739/10,Basement, Patoudi House,Darya Ganj,
City N.Delhi
Postal code 110002
Fax number 9953630788
300 ## - PHYSICAL DESCRIPTION
Extent 304 ص
Dimensions 22 Cm(Hb)
942 ## - ADDED ENTRY ELEMENTS (KOHA)
Source of classification or shelving scheme Dewey Decimal Classification
Item type Urdu Bks
Classification part 840.92
Call number suffix م ن ظ
Holdings
Withdrawn status Lost status Not for loan Collection code Home library Current library Date acquired Source of acquisition Cost, normal purchase price Full call number Barcode Copy number Cost, replacement price Koha item type
      Non-fiction D.B.Act.Division D.B.Act.Division 10/03/2021 DBAD/PUB 186.00 840.92 م ن ظ U-9618 1 186.00 Urdu Bks

© Delhi Public Library
Hit Counter
free hit counter